000 00972nam a2200337 a 4500
003 AR-BaBNM
005 20251128204157.0
008 082120s2002 ||||||||||||||000 | spa||
020 _a84-7774-022-4
040 _cAR-BaBNM
100 1 _aHuerta, Elena
245 0 0 _aPrograma de reeducación para dificultades en la escritura
_bnivel avanzado
_n5
250 _a5ª ed.
260 _aMadrid
_bVisor
_c1991
300 _a126 p.
_bil.
490 0 _aAprendizaje
_vv. 7
650 4 _aENSEÑANZA DE LA ESCRITURA
650 4 _aDIFICULTADES EN EL APRENDIZAJE
650 4 _aACTIVIDADES DE APRENDIZAJE
650 4 _aENSEÑANZA DE LA ORTOGRAFIA
650 4 _aMORFOLOGIA [LINGUISTICA]
650 4 _aLENGUAJE DEL NIÑO
650 4 _aGRAMATICA ESTRUCTURAL
650 4 _aACTIVIDADES DE LA CLASE
650 4 _aTECNICAS DIDACTICAS
650 4 _aEVALUACION DEL ALUMNO
653 _aEDUCACION PRIMARIA
700 1 _aMatamala, Antonio
942 _cBK
998 _cGrace
999 _c6484
_d6484